000 00739nam a2200205Ia 4500
005 20260121110211.0
008 008 260114s9999 xx 000 0 hin d
020 _a9788132300458
037 _aEBOOK
040 _aCRL
_bhin
_cCRL
041 _ahin
_2hin
084 _qCRL
100 _aसुमन्त कुमार / Sumant Kumar
_9943260
245 0 _aअभिप्रेरणा, अधिगम एवं स्मृति की मनोजैविकी / Abhiprerna, Adhigam Evam Smriti Ki Manojaivikiki
260 _bभाषा प्रकाशन / Bhasha Prakashan
_c2020
856 _uhttps://bhashaprakashan.com/product-details/377711
942 _cEBOOK
999 _c1534925
_d1534925